000 00466nam a2200169Ia 4500
003 GCL
008 140319s9999 xx 000 0 eng d
040 _aGCL /
_cGCL
082 0 4 _a338.542
_bD I
100 1 _aDAUGHTREY, ANNE SCOLT
245 1 0 _aINTRODUCTION TO BUSINESS: THE ECONOMY AND YOU /
_cDAUGHTREY, ANNE SCOLT
260 _a[S.N] :
_bSOUTH-WEATERN PUBISHING CO ،
_c1992
300 _a662 P
650 0 4 _aBUSINESS
650 0 4 _aECONOMIC
942 _2ddc
_cBK
999 _c16745
_d16745